| 000 | 00498pab a2200169 454500 | ||
|---|---|---|---|
| 008 | 180718b2004 xxu||||| |||| 00| 0 eng d | ||
| 100 | _aRao, D. Pulla | ||
| 245 | _aStatus of primary education among scheduled tribes in Andhra Pradesh | ||
| 260 | _c2004 | ||
| 300 | _ap.97-112. | ||
| 362 | _aOct-Dec | ||
| 650 | _aSchedules tribes - India - Andhra Pradesh | ||
| 650 | _aPrimary education - India - Andhra Pradesh | ||
| 650 | _aPrimary education | ||
| 773 | _aIASSI Quarterly | ||
| 909 | _a68715 | ||
| 999 |
_c68715 _d68715 |
||